| 000 | 00997nam a2200265 i 4500 | ||
|---|---|---|---|
| 001 | 7494 | ||
| 003 | ES-MaACL | ||
| 005 | 20240508105031.0 | ||
| 007 | t| | ||
| 008 | 910123s1990 sp ||||1| spa d | ||
| 020 | _a84-7658-210-2 | ||
| 080 | _a86.0(899)(Onetti,J.C.1.06) | ||
| 245 | 0 | 0 |
_aJuan Carlos Onetti _b: Premio de Literatura en Lengua Castellana "Miguel de Cervantes" 1980. |
| 250 | _a1a ed. | ||
| 260 |
_aBarcelona : _bAnthropos ; Madrid : Ministerio de Cultura, Direccion General del Libro y Bibliotecas, _c1990. |
||
| 300 |
_a143 p. : _bil. ; _c20 cm. |
||
| 490 | 1 |
_aAmbitos literarios. Premios Cervantes ; _v6 |
|
| 504 | _aBibliogr.: p.119-131. | ||
| 600 | 1 | 4 |
_aOnetti, Juan Carlos- _xCrítica e interpretación. _987073 |
| 710 | 1 |
_aEspaña. _bDirección General del Libro y Bibliotecas. _93788 |
|
| 830 | 0 | 0 |
_aÁmbitos literarios. _pPremios Cervantes ; _v6 _9236240 |
| 852 |
_aES-MaACL _jL-14790 _bR.118133 _z. - rust. |
||
| 942 | _2udc | ||
| 999 |
_c7494 _d7494 |
||